América Latina: la identidad y la máscara: con entrevistas a Borges, Bosch, Carpentier, Cortázar, Galeano, Sábato, Scorza, Viñas y Walsh
Guardat en:
| Autor principal: | |
|---|---|
| Format: | Llibre |
| Idioma: | espanyol |
| Publicat: |
Ciudad de México
Siglo XXI
2007
|
| Edició: | 3a. ed |
| Col·lecció: | Lingüística y teoría literaria
|
| Matèries: | |
| Etiquetes: |
Afegir etiqueta
Sense etiquetes, Sigues el primer a etiquetar aquest registre!
|
MARC
| LEADER | 00000nam a2200000 a 4500 | ||
|---|---|---|---|
| 001 | UCG3576 | ||
| 003 | CL-VaPUC | ||
| 008 | 100902e20070000MX |||||||||||||||||spa|d | ||
| 020 | |a 9789682314278 | ||
| 082 | 0 | 4 | |a H860 |b CAM |2 21 |
| 100 | 0 | |a Campra, Rosalba |e author |9 552819 | |
| 245 | 1 | 0 | |a América Latina: la identidad y la máscara: con entrevistas a Borges, Bosch, Carpentier, Cortázar, Galeano, Sábato, Scorza, Viñas y Walsh |
| 250 | |a 3a. ed | ||
| 300 | |a 232 p | ||
| 942 | |c BK | ||
| 945 | |d 20100902 00:00:00 |a mfarfan | ||
| 260 | |a Ciudad de México |b Siglo XXI |c 2007 | ||
| 650 | 0 | |a Literatura hispanoamericana |9 269097 | |
| 650 | 0 | |a Historia y crítica |9 257407 | |
| 650 | 0 | |a Crítica e interpretación |9 255042 | |
| 650 | 0 | |a Entrevistas |9 265537 | |
| 651 | 0 | |a América Latina |9 255027 | |
| 583 | |a last modification |c 20100902 00:00:00 |k Rodrigo Vera | ||
| 490 | 0 | |a Lingüística y teoría literaria | |
| 999 | |c 342630 |d 342628 | ||
| 952 | |0 0 |1 0 |4 0 |6 H_860_000000000000000_CAM_2007 |7 0 |8 A |9 439016 |a BIBEDU |b BIBEDU |c ES_NOD |d 2019-11-22 |i 4715683 |o H860 CAM 2007 |p 4715683 |r 2023-08-09 |w 2019-11-22 |y BK |k PSI | ||
| 952 | |0 0 |1 0 |4 0 |6 H_860_000000000000000_CAM_2007 |7 0 |8 A |9 439017 |a FDOPOS |b FDOPOS |d 2019-11-22 |i 4753453 |o H860 CAM 2007 |p 4753453 |r 2025-01-22 |w 2019-11-22 |y BK |k DLH | ||